000 00309nam a2200109Ia 4500
008 220204s9999 xx 000 0 und d
082 _a331:627.2(540)
_bREP;2
245 0 _aReport of the study group for ports and docks
260 _aDelhi
_bNatl Commn on Labour
_c1968
650 _aPorts and docks
942 _cBK
999 _c22065
_d22065